[Event "EU-ch 16th"]
[Site "Jerusalem"]
[Date "2015.03.08"]
[Round "11"]
[White "Iliaguev, Nisim"]
[Black "Ben Natan, Yigal"]
[Result "1/2-1/2"]
[WhiteElo "1926"]
[BlackElo "2138"]
[PlyCount "115"]
[EventDate "2015.02.24"]
[EventType "swiss"]
[EventRounds "11"]
[EventCountry "ISR"]
[SourceTitle "CBM 166"]
[Source "ChessBase"]
[SourceDate "2015.05.11"]
[SourceVersion "1"]
[SourceVersionDate "2015.05.11"]
[SourceQuality "1"]

1. e4 c5 2. Nf3 Nc6 3. Bb5 g6 4. 0-0 Bg7 5. Re1 Nf6 6. e5 Nd5 7. Nc3 Nc7 8. Bc4 0-0 9. d3 d5 10. exd6 exd6 11. Bg5 Qd7 12. Qd2 b6 13. Bh6 Bb7 14. Bxg7 Kxg7 15. Nd5 Nxd5 16. Bxd5 Nb4 17. Bxb7 Qxb7 18. d4 Qd5 19. c3 Nc6 20. Qf4 cxd4 21. Red1 Rfe8 22. b3 Re4 23. c4 Qe6 24. Qg5 f5 25. Qd2 Qf6 26. Ng5 Re7 27. Nf3 Rae8 28. h3 Re4 29. a3 Re2 30. Qd3 Rb2 31. Nd2 Qe6 32. Kf1 Qf6 33. b4 a6 34. Re1 Rc8 35. Rac1 Nd8 36. c5 Rxd2 37. Qxd2 dxc5 38. bxc5 bxc5 39. Re8 Rc7 40. Rce1 c4 41. Qa5 Rd7 42. Qc5 c3 43. Qc8 Qd6 44. Kg1 a5 45. a4 Kh6 46. Qc4 Nf7 47. Qd3 Rc7 48. R8e6 Qf4 49. R1e2 Ng5 50. Re8 Qc1+ 51. Kh2 c2 52. Qg3 Qd1 53. Qh4+ Kg7 54. Qxg5 Qxe2 55. Rxe2 c1Q 56. Re7+ Kg8 57. Re8+ Kf7 58. Re7+ 1/2-1/2

[Event "EU-ch 16th"]
[Site "Jerusalem"]
[Date "2015.03.03"]
[Round "7"]
[White "Chekhov, Sergey"]
[Black "Ben Natan, Yigal"]
[Result "1-0"]
[WhiteElo "2470"]
[BlackElo "2138"]
[PlyCount "89"]
[EventDate "2015.02.24"]
[EventType "swiss"]
[EventRounds "11"]
[EventCountry "ISR"]
[SourceTitle "CBM 166"]
[Source "ChessBase"]
[SourceDate "2015.05.11"]
[SourceVersion "1"]
[SourceVersionDate "2015.05.11"]
[SourceQuality "1"]

1. c4 Nf6 2. g3 c6 3. Bg2 d5 4. Nf3 Bf5 5. 0-0 h6 6. b3 e6 7. Bb2 Be7 8. d3 0-0 9. Nbd2 Nbd7 10. h3 a5 11. a3 Nc5 12. Rc1 Nfd7 13. Re1 Bg6 14. Ba1 Bf6 15. Bxf6 Qxf6 16. cxd5 exd5 17. b4 axb4 18. axb4 Na6 19. b5 Nac5 20. Nb3 Nxb3 21. Qxb3 Qd6 22. Nd4 c5 23. Nc2 Nb6 24. Ne3 Rfd8 25. Ra1 Rac8 26. Ra7 Rc7 27. Bf3 f6 28. Rc1 Bf7 29. Qa3 Be6 30. Bg4 Rdc8 31. d4 Nd7 32. Rd1 f5 33. Nxf5 Bxf5 34. Bxf5 Rf8 35. Ra8 Nb8 36. dxc5 Qe5 37. Bg4 d4 38. Ra4 h5 39. Bf3 h4 40. g4 Rxc5 41. Raxd4 Rxb5 42. Rd5 Qb2 43. Qxb2 Rxb2 44. Rd8 Kf7 45. Rxf8+ 1-0

[Event "EU-ch 16th"]
[Site "Jerusalem"]
[Date "2015.02.24"]
[Round "1"]
[White "Ben Natan, Yigal"]
[Black "Goganov, Aleksey"]
[Result "0-1"]
[WhiteElo "2138"]
[BlackElo "2605"]
[PlyCount "48"]
[EventDate "2015.02.24"]
[EventType "swiss"]
[EventRounds "11"]
[EventCountry "ISR"]
[SourceTitle "CBM 166"]
[Source "ChessBase"]
[SourceDate "2015.05.11"]
[SourceVersion "1"]
[SourceVersionDate "2015.05.11"]
[SourceQuality "1"]

1. d4 Nf6 2. c4 e6 3. Nc3 Bb4 4. Qc2 d6 5. Bd2 0-0 6. Nf3 Nbd7 7. a3 Bxc3 8. Bxc3 Qe7 9. e3 e5 10. dxe5 dxe5 11. Be2 b6 12. 0-0 Bb7 13. b4 Ne4 14. Bb2 a5 15. Rfd1 Rfd8 16. Qb3 Bc6 17. Rxd7 Qxd7 18. Bxe5 axb4 19. axb4 Rxa1+ 20. Bxa1 Ba4 21. Qb2 Qd1+ 22. Bf1 f6 23. Qa3 Qc2 24. Qb2 Rd1 0-1

[Event "Brno op 4th"]
[Site "Brno"]
[Date "2013.11.22"]
[Round "8"]
[White "Ben Natan, Yigal"]
[Black "Blahynka, Martin"]
[Result "1/2-1/2"]
[WhiteElo "2084"]
[BlackElo "2188"]
[PlyCount "130"]
[EventDate "2013.11.16"]
[EventType "swiss"]
[EventRounds "9"]
[EventCountry "CZE"]
[SourceTitle "CBM 157 Extra"]
[Source "ChessBase"]
[SourceDate "2013.12.19"]
[SourceVersion "1"]
[SourceVersionDate "2013.12.19"]
[SourceQuality "1"]

1. d4 Nf6 2. c4 c5 3. d5 b5 4. cxb5 a6 5. bxa6 g6 6. Nc3 Bxa6 7. e4 Bxf1 8. Kxf1 d6 9. g3 Bg7 10. Kg2 Nbd7 11. Nf3 0-0 12. Re1 Qa5 13. Qc2 Rfb8 14. a4 Qb4 15. Ra2 Ng4 16. Bd2 Nge5 17. Nxe5 Nxe5 18. Nb5 Qc4 19. b3 Qxc2 20. Rxc2 c4 21. bxc4 Rxa4 22. Rec1 Nd3 23. Rb1 Rc8 24. Be3 f5 25. exf5 gxf5 26. Bg5 Kf7 27. Re2 Bf6 28. Bxf6 Kxf6 29. Re6+ Kf7 30. Rxd6 Rcxc4 31. Rc6 Rcb4 32. Rxb4 Rxb4 33. Rb6 Rb2 34. d6 Rxf2+ 35. Kg1 exd6 36. Nxd6+ Ke7 37. Rb3 Rf3 38. Nxf5+ Rxf5 39. Rxd3 Kf6 40. Kg2 Kg6 41. Rd6+ Kg7 42. Rd4 Kg6 43. g4 Ra5 44. h4 Ra3 45. Rf4 h6 46. Rf3 Ra1 47. Rb3 Rc1 48. Kg3 Rc4 49. h5+ Kg7 50. Re3 Kf6 51. Kf3 Ra4 52. Rb3 Rc4 53. Rb6+ Kg7 54. Rb7+ Kg8 55. Re7 Ra4 56. Re4 Rxe4 57. Kxe4 Kf8 58. Kf4 Ke8 59. Ke4 Kf8 60. Kd4 Kf7 61. Kd5 Kf6 62. Ke4 Ke6 63. Ke3 Ke7 64. Kd4 Kf6 65. Ke3 Ke7 1/2-1/2

[Event "Brno op 4th"]
[Site "Brno"]
[Date "2013.11.20"]
[Round "6"]
[White "Ben Natan, Yigal"]
[Black "Strebkovs, Andrejs"]
[Result "0-1"]
[WhiteElo "2084"]
[BlackElo "2324"]
[PlyCount "122"]
[EventDate "2013.11.16"]
[EventType "swiss"]
[EventRounds "9"]
[EventCountry "CZE"]
[SourceTitle "CBM 157 Extra"]
[Source "ChessBase"]
[SourceDate "2013.12.19"]
[SourceVersion "1"]
[SourceVersionDate "2013.12.19"]
[SourceQuality "1"]

1. d4 Nf6 2. c4 g6 3. Nc3 Bg7 4. e4 0-0 5. Nf3 d6 6. Be2 Bg4 7. 0-0 Nfd7 8. Be3 c5 9. d5 Na6 10. Ne1 Bxe2 11. Qxe2 Nc7 12. f4 a6 13. a4 e6 14. Qd3 exd5 15. exd5 Re8 16. Nc2 Rb8 17. Rae1 f5 18. Bd2 Nf6 19. Rxe8+ Qxe8 20. Re1 Qf7 21. a5 b6 22. axb6 Rxb6 23. b4 cxb4 24. Na4 Rb8 25. Nxb4 Ne4 26. Nc6 Re8 27. Ba5 Rf8 28. Rb1 Ne8 29. Rb6 Qf6 30. Rb1 Qh4 31. Qf3 N8f6 32. Be1 Qh6 33. Rb7 Re8 34. Re7 Rxe7 35. Nxe7+ Kf8 36. Nc6 Nd7 37. Bf2 Bf6 38. Bd4 Qg7 39. Qe3 Bxd4 40. Nxd4 Kg8 41. h3 Ndf6 42. Nc3 Nxc3 43. Qxc3 Ne4 44. Qd3 a5 45. Kh2 a4 46. Ne6 Qc3 47. Qxc3 Nxc3 48. Nd4 a3 49. Nc2 a2 50. g3 Nd1 51. Kg1 Ne3 52. Na1 Nxc4 53. Kf2 Nb6 54. Ke3 Nxd5+ 55. Kd4 Nf6 56. Kc3 Ne4+ 57. Kb3 Nxg3 58. Kxa2 Ne2 59. Kb3 Nxf4 60. h4 Ng2 61. h5 gxh5 0-1

[Event "Brno op 4th"]
[Site "Brno"]
[Date "2013.11.17"]
[Round "3"]
[White "Abdumalik, Zhansaya"]
[Black "Ben Natan, Yigal"]
[Result "1-0"]
[WhiteElo "2311"]
[BlackElo "2084"]
[PlyCount "73"]
[EventDate "2013.11.16"]
[EventType "swiss"]
[EventRounds "9"]
[EventCountry "CZE"]
[SourceTitle "CBM 157 Extra"]
[Source "ChessBase"]
[SourceDate "2013.12.19"]
[SourceVersion "1"]
[SourceVersionDate "2013.12.19"]
[SourceQuality "1"]

1. e4 e5 2. Nf3 Nc6 3. Bb5 a6 4. Ba4 Nf6 5. 0-0 d6 6. Re1 Bd7 7. c3 g6 8. d4 b5 9. Bc2 Bg7 10. a4 0-0 11. h3 Qe7 12. d5 Na5 13. Nbd2 c6 14. b4 Nb7 15. dxc6 Bxc6 16. c4 Nd7 17. Bb2 Rfc8 18. Bb3 Nd8 19. Qe2 Rab8 20. axb5 axb5 21. Bc3 Ne6 22. Ra5 Nb6 23. g3 Bd7 24. Rc1 bxc4 25. Nxc4 Nxc4 26. Bxc4 Rc7 27. Qd3 Nd8 28. h4 Nc6 29. Ra6 Nxb4 30. Bxb4 Rxb4 31. Bxf7+ Qxf7 32. Rxc7 Rb3 33. Ng5 Rxd3 34. Nxf7 Kxf7 35. Rxd7+ Kf6 36. Raa7 Bh6 37. Rf7+ 1-0

[Event "Brno op 4th"]
[Site "Brno"]
[Date "2013.11.17"]
[Round "2"]
[White "Ben Natan, Yigal"]
[Black "Fowler, David W"]
[Result "1-0"]
[WhiteElo "2084"]
[BlackElo "1859"]
[PlyCount "63"]
[EventDate "2013.11.16"]
[EventType "swiss"]
[EventRounds "9"]
[EventCountry "CZE"]
[SourceTitle "CBM 157 Extra"]
[Source "ChessBase"]
[SourceDate "2013.12.19"]
[SourceVersion "1"]
[SourceVersionDate "2013.12.19"]
[SourceQuality "1"]

1. d4 d5 2. c4 e6 3. Nc3 c6 4. e4 Bb4 5. Bd3 dxe4 6. Bxe4 Nf6 7. Bc2 0-0 8. Nf3 Nbd7 9. 0-0 Re8 10. Bg5 h6 11. Bh4 Qa5 12. Qd3 Be7 13. Rfe1 b5 14. cxb5 cxb5 15. Ne5 b4 16. Ne4 Ba6 17. Qf3 Rac8 18. Nc6 Rxc6 19. Nxf6+ Nxf6 20. Qxc6 Rc8 21. Qa4 Qxa4 22. Bxa4 Nd5 23. Bxe7 Nxe7 24. Rac1 Rd8 25. Rc7 Nc8 26. Rd7 Rxd7 27. Bxd7 Nb6 28. Bc6 Bc4 29. b3 Bd3 30. Rc1 g5 31. f3 Kg7 32. Be4 1-0

[Event "Jerusalem Japhet Memorial op"]
[Site "Jerusalem"]
[Date "2013.08.04"]
[Round "1"]
[White "Ben Natan, Yigal"]
[Black "Kantsler, Boris"]
[Result "0-1"]
[WhiteElo "2119"]
[BlackElo "2434"]
[PlyCount "70"]
[EventDate "2013.08.04"]
[EventType "swiss"]
[EventRounds "5"]
[EventCountry "ISR"]
[SourceTitle "EXT 2019"]
[Source "ChessBase"]
[SourceDate "2018.10.10"]
[SourceVersion "1"]
[SourceVersionDate "2018.10.10"]
[SourceQuality "1"]

1. d4 d6 2. e4 Nf6 3. Nc3 e5 4. Nf3 Nbd7 5. Bc4 Be7 6. 0-0 0-0 7. Re1 c6 8. a4 a5 9. h3 Qc7 10. Bb3 exd4 11. Nxd4 Re8 12. Bf4 Bf8 13. Nf5 Ne5 14. Ng3 Be6 15. Qd2 Nfd7 16. Rad1 Bxb3 17. cxb3 Nc5 18. Qc2 Qb6 19. Nf5 Qxb3 20. Qxb3 Nxb3 21. Nxd6 Bxd6 22. Rxd6 Nc4 23. Rd3 Nxb2 24. Rg3 Nc5 25. Rb1 Nc4 26. f3 Rad8 27. Ne2 f6 28. Rg4 Ne5 29. Rg3 Rd7 30. Nc3 Rd3 31. Nd1 Nxa4 32. Ne3 Nc3 33. Rxb7 Ne2+ 34. Kh2 Nxg3 35. Kxg3 Rd7 0-1

[Event "Kiryat Ono op-A 4th"]
[Site "Kiryat Ono"]
[Date "2013.07.02"]
[Round "3"]
[White "Ben Natan, Yigal"]
[Black "Erenberg, Ariel"]
[Result "1-0"]
[WhiteElo "2136"]
[BlackElo "1938"]
[PlyCount "100"]
[EventDate "2013.06.30"]
[EventType "swiss"]
[EventRounds "5"]
[EventCountry "ISR"]
[SourceTitle "CBM 155 Extra"]
[Source "ChessBase"]
[SourceDate "2013.08.26"]
[SourceVersion "1"]
[SourceVersionDate "2013.08.26"]
[SourceQuality "1"]

1. d4 d5 2. c4 dxc4 3. Nf3 Nf6 4. e3 e6 5. Bxc4 a6 6. a3 b5 7. Bb3 Bb7 8. 0-0 Be7 9. Nc3 0-0 10. Qe2 c5 11. Rd1 Qc7 12. Bd2 Rd8 13. Rac1 c4 14. Bc2 Nc6 15. Be1 Qb6 16. Ng5 h6 17. Nge4 Nd5 18. Ng3 Nf6 19. f3 a5 20. a4 b4 21. Nb5 Na7 22. Nxa7 Qxa7 23. Qxc4 Ba6 24. Qb3 Rac8 25. Bd3 Nd5 26. Bf2 Nb6 27. e4 Bxd3 28. Qxd3 Rxc1 29. Rxc1 Nxa4 30. Qb3 Qd7 31. Ra1 Nb6 32. Rxa5 Rc8 33. Ra1 Qb5 34. Nf1 Bf6 35. Rd1 Be7 36. g3 Rc7 37. Kg2 Nc4 38. h4 Na5 39. Qe3 Rc2 40. Rd2 b3 41. Rxc2 bxc2 42. Qc1 Qd3 43. Ne3 Qxd4 44. Qxc2 Qd7 45. Ng4 Nc6 46. Qa4 h5 47. Ne3 Qc7 48. Qb5 g6 49. Nc4 Qc8 50. b3 Nb4 1-0